Learning Resource and Development

The use of video technologies in refereeing football and other sports / (Record no. 30572)

MARC details
000 -LEADER
fixed length control field 03845nam a2200325 i 4500
003 - CONTROL NUMBER IDENTIFIER
control field CSPC
005 - DATE AND TIME OF LATEST TRANSACTION
control field 20251003143233.0
008 - FIXED-LENGTH DATA ELEMENTS--GENERAL INFORMATION
fixed length control field 251002s2020 nyu b 001 0 eng d
020 ## - INTERNATIONAL STANDARD BOOK NUMBER
International Standard Book Number 9781032083858
040 ## - CATALOGING SOURCE
Transcribing agency CSPC
Original cataloging agency CSPC
Language of cataloging eng
Description conventions rda
050 #4 - LIBRARY OF CONGRESS CALL NUMBER
Classification number GV735
Item number .U84 2020
082 04 - DEWEY DECIMAL CLASSIFICATION NUMBER
Classification number 796
Item number Us21
Edition number 23
245 14 - TITLE STATEMENT
Title The use of video technologies in refereeing football and other sports /
Statement of responsibility, etc. edited by Manuel Armenteros, Anto J. Benítez and Miguel Ángel Betancor.
264 #1 - PRODUCTION, PUBLICATION, DISTRIBUTION, MANUFACTURE, AND COPYRIGHT NOTICE
Place of production, publication, distribution, manufacture New York ;
-- Abingdon, Oxon :
Name of producer, publisher, distributor, manufacturer Routledge,
Date of production, publication, distribution, manufacture, or copyright notice 2020.
300 ## - PHYSICAL DESCRIPTION
Extent xxv, 366 pages ;
Dimensions 23 cm.
336 ## - CONTENT TYPE
Source rdacontent
Content type term text
337 ## - MEDIA TYPE
Source rdamedia
Media type term unmediated
338 ## - CARRIER TYPE
Source rdacrrier
Carrier type term volume
490 0# - SERIES STATEMENT
Series statement Routledge research in sports technology and engineering
504 ## - BIBLIOGRAPHY, ETC. NOTE
Bibliography, etc. note Includes bibliographical references and index.
505 0# - FORMATTED CONTENTS NOTE
Formatted contents note Part I. The need for video assistance in football -- Between scepticism and the long-awaited quest for "football justice" -- The contribution of VARs to fairness in sport -- Part II. Video broadcasting limitations -- Is it the same for the TV screen as for the VAR? planning the use of cameras and replays to solve the controversy -- The interaction between audio and the video assistant referee in football -- Replays in football: a technical resource that serves as a narrative and post-refereeing system -- Part III. Video-assisted officiating in other sports -- Instant replays in the Spanish basketball league: ACB -- Instant replay in the National basketball association -- Video technology for refereeing in other sports: tennis and rugby -- Instant replay in the National football league -- Part IV. Experiments with video assistant referees -- The video assistant referee (VAR) protocol -- VAR experiments in international matches -- VAR experiments in the Bundesliga -- VAR experiments in the Italian Serie a league -- VAR experiments in the major league soccer (MLS) -- How twitter has portrayed the VAR -- Part V. New challenges in refereeing performance -- Educating international football referees: the importance of uniformity -- Didactic teaching strategies for the VAR: an approach to gamification and 21st-century skills -- Psychological response of the referee to the introduction of VAR.
520 ## - SUMMARY, ETC.
Summary, etc. "For a long time, various different lobbying sectors have claimed that the use of video technology is an effective aid in decision-making. Now the IFAB has taken a historic step in the approval of experiments on the use of video to provide support to football refereeing. The Use of Video Technologies in Refereeing Football and Other Sportsanalyses the capacity of audio-visual technology from different perspectives to help understand the best implementation of the Video Assistant Referee (VAR) system in football and, more generally, in other sports. This book addresses in-depth interdisciplinary viewpoints on the need and the opportunity of the implementation procedures regarding how to use it, considering that it could lead to very important changes. The book goes on to examine various approaches to the most interesting topics for players, amateurs, coaches, referees and referees coaches. Offering viewpoints from both academics and professionals, this new volume addresses the VAR issue in a multidisciplinary way, analysing the implications of video replay application in football from the perspective of players, coaches, television professionals, referees, amateurs, sports lawyers, media and educators."
650 #0 - SUBJECT ADDED ENTRY--TOPICAL TERM
Topical term or geographic name entry element Sports
General subdivision Technological innovations.
650 #0 - SUBJECT ADDED ENTRY--TOPICAL TERM
Topical term or geographic name entry element Sports officiating.
700 1# - ADDED ENTRY--PERSONAL NAME
Personal name Armenteros, Manuel,
Relator term editor.
700 1# - ADDED ENTRY--PERSONAL NAME
Personal name Benítez, Anjo J.,
Relator term editor.
700 1# - ADDED ENTRY--PERSONAL NAME
Personal name Betancor, Miguel Ángel,
Relator term editor.
942 ## - ADDED ENTRY ELEMENTS (KOHA)
Source of classification or shelving scheme Dewey Decimal Classification
Suppress in OPAC No
Koha item type Books
Classification part 796
Item part Us21
Call number prefix CIR
Call number suffix 2020
Edition 23
Holdings
Withdrawn status Lost status Source of classification or shelving scheme Damaged status Not for loan Home library Current library Shelving location Date acquired Total Checkouts Full call number Barcode Date last seen Copy number Price effective from Koha item type
    Dewey Decimal Classification     Main Library Main Library Circulation Section 10/02/2025   CIR 796 Us21 2020 030359 10/02/2025 1-1 10/02/2025 Books